000 00543nam a2200181Ia 4500
005 20250508162016.0
008 008 250505s9999 xx 000 0 eng d
037 _aTextual
040 _aFEDL
_beng
_cFEDL
041 _aeng
_2eng
084 _a630.7, UNE
_qFEDL
100 _aBoukli Noureddine
_9772036
245 0 _aMostaganem institute of agricultural technology: An educational innovation
260 _aParis, France
_bThe UNESCO Press
_c1975
300 _a46p.
942 _cTEXL
_h630.7, UNE
999 _c1373803
_d1373803